| 000 | 01263cam a2200289 u 4500 | ||
|---|---|---|---|
| 999 |
_c7658 _d7658 |
||
| 001 | 991060413765006706 | ||
| 003 | OSt | ||
| 005 | 20230322140621.0 | ||
| 008 | 220430s2021 spc r 000 0 cat c | ||
| 015 |
_aLL2022 _2bnc |
||
| 017 |
_aDL V 810-2022 _bOficina DL València |
||
| 020 | _a9788491349440 | ||
| 040 |
_aES-BaBM _bcat _erda _cCDMR |
||
| 080 |
_a070.42Fuster, Joan _22004 |
||
| 245 | 0 | 0 |
_aJoan Fuster i el periodisme / _cJ. L. Gómez Mompart, [i 4 més] |
| 264 | 1 |
_aValència : _bUniversitat de València, _c2022 |
|
| 300 |
_a190 pàgines ; _c21 cm |
||
| 490 | 1 |
_aCàtedra Joan Fuster ; _v27 |
|
| 505 | 8 | _aConté: Els lectors i les lectores de Joan Fuster / Josep Lluís Gómez Mompart -- El periodisme en la cultura catalana segons Fuster / Joan Manuel Tresserras -- Pro pane lucrando (per a guanyar-se el pa) / Empar Marco Estellés -- El periodisme de Joan Fuster / Francesc Pérez i Moragón -- Els articles inèdits de Joan Fuster a Serra d'Or / J. Àngel Cano Mateu | |
| 600 | 1 | 0 |
_aFuster, Joan _2lemac _92962 |
| 650 | 7 |
_aPeriodistes _zCatalunya _vBiografia. _2lemac |
|
| 700 | 1 | 2 |
_aGómez Mompart, Josep Lluís _91072 |
| 830 | 0 |
_aCàtedra Joan Fuster (Col·lecció) ; _v27 |
|
| 908 |
_aBMON _aUAB _aBC |
||
| 940 | _aBMON | ||
| 942 |
_2udc _cMON |
||